000 00632cab a2200205 4500
001 WB3427-10
008 090401t1998 xxu||||| |||| 00| 0 eng d
035 _a(Sirsi) u87480
041 _aeng
245 _aIndustrial space at premium
260 _c1998
350 _a0
490 _aBirmingham Post
_v16 July 1998, 27(1)
520 _aAccording to a King Sturge survey the amount of available industrial floorspace it at its lowest for seven years.
650 _aINDUSTRIAL SPACE
650 _aKING STURGE SURVEY
690 _aPROPERTY-COMMERCIAL PROPERTY-COMMERCIAL PROPERTY MARKET
942 _n0
948 _c17/07/1998
999 _c55178
_d55178